000 00511cam a22001457a 4500
008 180718b2000 xxu||||| |||| 00| 0 eng d
100 _aLaeven, Luc
245 _aBanking risks around the world: the implicit safety net subsidy approach
_cby Luc Laeven
260 _aWashington, D.C.
_bWorld Bank
_c2000
300 _a34p.
440 _aPolicy research working paper 2473
650 _aRisk --Econometric models
650 _aDeposit insurance --Econometric models
650 _aBank capital --Econometric models
999 _c284941
_d284941